<?xml version="1.0" encoding="UTF-8"?>
<record
    xmlns:xsi="http://www.w3.org/2001/XMLSchema-instance"
    xsi:schemaLocation="http://www.loc.gov/MARC21/slim http://www.loc.gov/standards/marcxml/schema/MARC21slim.xsd"
    xmlns="http://www.loc.gov/MARC21/slim">

  <leader>02297nam a2200241Ia 4500</leader>
  <controlfield tag="003">OSt</controlfield>
  <controlfield tag="005">20260324164127.0</controlfield>
  <controlfield tag="008">210716s2008    xx            000 0 und d</controlfield>
  <datafield tag="020" ind1=" " ind2=" ">
    <subfield code="a">9780761936541</subfield>
  </datafield>
  <datafield tag="040" ind1=" " ind2=" ">
    <subfield code="c">AIMIT LIBRARY</subfield>
  </datafield>
  <datafield tag="041" ind1=" " ind2=" ">
    <subfield code="a">eng</subfield>
  </datafield>
  <datafield tag="082" ind1=" " ind2=" ">
    <subfield code="a">001.0723621</subfield>
    <subfield code="2">1</subfield>
    <subfield code="b">RAMK</subfield>
  </datafield>
  <datafield tag="245" ind1=" " ind2=" ">
    <subfield code="a">Strategic issues and challenges in health management /</subfield>
    <subfield code="c">Edited by K V Ramani, Dileep Mavalankar and Dipti Govil.</subfield>
  </datafield>
  <datafield tag="250" ind1=" " ind2=" ">
    <subfield code="a">1st ed.</subfield>
  </datafield>
  <datafield tag="260" ind1=" " ind2=" ">
    <subfield code="a">New Delhi :</subfield>
    <subfield code="b">Sage Publications ,</subfield>
    <subfield code="c">2008.</subfield>
  </datafield>
  <datafield tag="300" ind1=" " ind2=" ">
    <subfield code="a">xxii,i227p. ;</subfield>
    <subfield code="b">HB</subfield>
    <subfield code="c">23 cm</subfield>
  </datafield>
  <datafield tag="500" ind1=" " ind2=" ">
    <subfield code="a">The Indian health system has a poor global ranking. A new perspective on health system planning and development is required to improve the situation and build a health system responsive to the needs of the country. Strategic Issues and Challenges in Health Management addresses these concerns while also highlighting the challenges in delivering efficient and effective health services.

The book discusses health sector reforms like financing, Public-Private Partnership (PPP), higher efficiency and cost-effectiveness. It deals with national health programmes, focusing on maternal and child health, infectious diseases, tuberculosis and malaria. The problems of urban health in the context of transition of the demographic and disease pattern in urban areas is also brought to the fore. Critical issues related to health and economic development, future challenges facing health systems, the policy challenges facing the implementation of the PPP approach, the issue of equity in health financing, as well as the roadblocks to efficient establishment of PPP are analysed.

The book also deals with restructuring of the health system, while exploring capacity development as a process of health management. Written by well-known academics, health policy makers and health managers, this volume shall be of interest to health professionals, students and scholars of health economics, as well as those working in the areas of health and strategic management.</subfield>
  </datafield>
  <datafield tag="650" ind1=" " ind2=" ">
    <subfield code="a">Scaling up health in law income settings</subfield>
    <subfield code="9">185487</subfield>
  </datafield>
  <datafield tag="650" ind1=" " ind2=" ">
    <subfield code="a">Governance in health systems</subfield>
    <subfield code="9">185488</subfield>
  </datafield>
  <datafield tag="650" ind1=" " ind2=" ">
    <subfield code="a">Good governance in health services</subfield>
    <subfield code="9">185489</subfield>
  </datafield>
  <datafield tag="700" ind1=" " ind2=" ">
    <subfield code="a">Ramani, K V; Mavalankar, Dileep; Govil, Dipti.</subfield>
    <subfield code="9">185490</subfield>
  </datafield>
  <datafield tag="942" ind1=" " ind2=" ">
    <subfield code="2">ddc</subfield>
    <subfield code="c">BK</subfield>
    <subfield code="e">1st</subfield>
    <subfield code="k">001.0723621 RAMK.</subfield>
  </datafield>
  <datafield tag="999" ind1=" " ind2=" ">
    <subfield code="c">207896</subfield>
    <subfield code="d">207896</subfield>
  </datafield>
  <datafield tag="952" ind1=" " ind2=" ">
    <subfield code="0">0</subfield>
    <subfield code="1">0</subfield>
    <subfield code="2">ddc</subfield>
    <subfield code="4">0</subfield>
    <subfield code="7">0</subfield>
    <subfield code="8">MBA</subfield>
    <subfield code="a">AIMIT</subfield>
    <subfield code="b">AIMIT</subfield>
    <subfield code="d">2013-02-04</subfield>
    <subfield code="g">650.00</subfield>
    <subfield code="i">Bill no:304; Bill dt:2013-01-29</subfield>
    <subfield code="l">0</subfield>
    <subfield code="o">001.0723621 RAMK</subfield>
    <subfield code="p">MBA10462</subfield>
    <subfield code="r">2025-07-21 00:00:00</subfield>
    <subfield code="v">487.50</subfield>
    <subfield code="w">2021-07-16</subfield>
    <subfield code="y">BK</subfield>
  </datafield>
</record>
